Finančná a kapitálová štruktúra konkrétneho podniku bakalárska práca

Salvato in:
Dettagli Bibliografici
Autore principale: Bič, Martin
Ente Autore: Podnikovohospodárska fakulta EU so sídlom v Košiciach. Katedra finančného riadenia podniku
Altri autori: Freňáková, Magdaléna, 1981-
Natura: Libro
Lingua:slovacco
Pubblicazione: Košice 2018
Tags: Aggiungi Tag
Nessun Tag, puoi essere il primo ad aggiungerne!!

MARC

LEADER 00000nbm a2200000 4500
001 0245722
005 20181018110013.9
041 0 |a slo 
044 |a SK 
245 1 0 |a Finančná a kapitálová štruktúra konkrétneho podniku  |b bakalárska práca  |c Martin Bič ; školiteľ: Magdaléna Freňáková 
264 1 |a Košice  |c 2018 
300 |a 47 s. 
100 1 |a Bič, Martin 
700 1 |a Freňáková, Magdaléna, 1981- 
710 2 |a Podnikovohospodárska fakulta EU so sídlom v Košiciach. Katedra finančného riadenia podniku